000 00872nam a2200253Ia 4500
003 OSt
005 20220926022209.0
006 a|||||r|||| 00| 0
007 ta
008 220923b |||||||| |||| 00| 0 eng d
037 _cGeneral Book
040 _aRTL
_cRTL
_beng
041 _2eng
_aeng
082 _aV1N45,93:3.N82, M2/UN
110 _aUNITED NATIONS, INTERNATIONAL ECONOMIC AND SOCIAL AFFAIRS (Departments of--)
_9326102
245 0 _aProvisional guidelines on standard international age classifications.
260 _aNew York
_bUnited Nations
_c1982
300 _aiv,28p.
_ccm.
490 _vVol. 1
500 _aStatistics papers series M, no. 74
700 _aUNITED NATIONS, INTERNATIONAL ECONOMIC AND SOCIAL AFFAIRS (Departments of--)
_9326103
942 _hV1N45,93:3.N82, M2/UN
_cGB
_2CC
999 _c638817
_d638817